Online Catalogue and eLibrary

Marriage, domestic life, and social change : (Record no. 331)

MARC details
000 -LEADER
fixed length control field 00720pam a2200229 a 4500
001 - CONTROL NUMBER
control field 1524187
005 - DATE AND TIME OF LATEST TRANSACTION
control field 20240208021034.0
008 - FIXED-LENGTH DATA ELEMENTS--GENERAL INFORMATION
fixed length control field 900618s1991 enk b 011 0 eng
020 ## - INTERNATIONAL STANDARD BOOK NUMBER
ISBN 0415032466 (HB)
020 ## - INTERNATIONAL STANDARD BOOK NUMBER
ISBN 0415032474 (PB)
040 ## - CATALOGING SOURCE (பட்டியலாக்க மூலம்)
Original cataloging agency DLC
Transcribing agency DLC
Modifying agency DLC
082 00 - DDC Classification
Class No. 306.8
DDC Edition Number 20
245 00 - TITLE STATEMENT
Title Marriage, domestic life, and social change :
Remainder of title writings for Jacqueline Burgoyne, 1944-88 /
Statement of responsibility, etc. edited by David Clark.
260 ## - PUBLICATION, DISTRIBUTION, ETC.
Place of publication, distribution, etc. London ;
-- New York, NY :
Name of publisher, distributor, etc. Routledge,
Date of publication, distribution, etc. 1991.
300 ## - PHYSICAL DESCRIPTION
Extent (e.g. Volumes, Pages etc.) xvii, 267 p. ;
650 #0 - SUBJECT ADDED ENTRY--TOPICAL TERM
Topical term or geographic name entry element Families
650 #0 - SUBJECT ADDED ENTRY--TOPICAL TERM
Topical term or geographic name entry element Marriage
700 1# - ADDED ENTRY--PERSONAL NAME
Personal name Burgoyne, Jacqueline L.
Relator term (Role) Editor
700 1# - ADDED ENTRY--PERSONAL NAME
Personal name Clark, David,
Relator term (Role) Editor
856 42 - ELECTRONIC LOCATION AND ACCESS
Uniform Resource Identifier <a href="http://www.loc.gov/catdir/enhancements/fy0648/90008824-d.html">http://www.loc.gov/catdir/enhancements/fy0648/90008824-d.html</a>
942 ## - Koha item type (Biblio)
Koha item type Books in Stacks (Lending)
Holdings
Lost status Damaged status Collection code Home library Current library Date acquired Full call number Accession Number Item type
    Lending WERC Library WERC Library 02/08/2024 306.8 3308 Books in Stacks (Lending)

© WERC Library